les premières lignes du tableau périodique - Statistiques

Statistiques générales
  • Ce quiz a été pris 42 fois
  • Le résultat moyen est 18 sur 36
Statistiques - réponses
Hint Réponse % Correct
1 H
100%
2 He
100%
3 Li
96%
6 C
83%
5 B
79%
4 Be
79%
8 O
79%
9 F
71%
7 N
71%
10 Ne
63%
18 Ar
54%
12 Mg
50%
11 Na
50%
15 P
50%
16 S
50%
13 Al
42%
17 Cl
42%
14 Si
42%
22 Ti
42%
26 Fe
38%
31 Ga
38%
19 K
38%
28 Ni
38%
23 V
38%
30 Zn
38%
33 As
33%
20 Ca
33%
29 Cu
33%
32 Ge
33%
36 Kr
33%
35 Br
29%
27 Co
29%
25 Mn
29%
21 Sc
29%
24 Cr
25%
34 Se
21%
Aucun quiz correspondant
Distribution des résultats
% des personnes avec chaque résultat
Percentile par nombre de réponses
Votre historique - résultats
Vous n’avez pas pris ce quiz